Histoire du droit administratif

-д хадгалсан:
Номзүйн дэлгэрэнгүй
Үндсэн зохиолч: Burdeau, Francois (Зохиогч)
Формат: Ном
Хэл сонгох:франц
Хэвлэсэн: París Presses Universitaire de France 1995
Хэвлэл:1a. ed
Цуврал:Thémis Droit Public
Нөхцлүүд:
Шошгууд: Шошго нэмэх
Шошго байхгүй, Энэхүү баримтыг шошголох эхний хүн болох!

MARC

LEADER 00000nam a2200000 a 4500
001 UCI7813
003 CL-VaPUC
008 080725e19950000FR |||||||||||||||||fre|d
020 |a 2130468934 
082 0 4 |a 342.06  |b BUR  |2 21 
100 |a Burdeau, Francois  |e author  |9 531110 
245 1 0 |a Histoire du droit administratif 
250 |a 1a. ed 
300 |a 494 p 
942 |c BK 
945 |d 20080725 00:00:00  |a rbrito 
260 |a París  |b Presses Universitaire de France  |c 1995 
650 0 |a Derecho administrativo  |9 254851 
650 0 |a Derecho francés  |9 385145 
650 0 |a Historia del derecho  |9 255109 
583 |a last modification  |c 20080725 00:00:00  |k Rodrigo Vera 
490 0 |a Thémis Droit Public 
999 |c 330955  |d 330953 
952 |0 0  |1 0  |4 0  |6 342_060000000000000_BUR_1995  |7 0  |8 DER_HIS  |9 416960  |a BIBDER  |b BIBDER  |d 2019-11-22  |i 446432K  |l 1  |o 342.06 BUR 1995  |p 446432K  |r 2023-01-25  |s 2020-03-17  |w 2019-11-22  |x Ubicación 4to Piso  |y BK  |z Estos recursos deben solicitarse con anticipación  |k DER